Estatísticas para 60 Graus Oeste Países

Clique aqui para jogar o quiz

Estatísticas Gerais

  • Esse quiz foi jogado 18 vezes
  • A pontuação média é 16 de 20

Estatísticas das Respostas

grauspaís% Correto
Argentina
100%
Brasil
100%
Guiana
100%
Paraguai
100%
1.55°Uruguai
100%
Venezuela
100%
Bolívia
93%
6.90°Colômbia
93%
1.92°Suriname
93%
1.24°Dominica
87%
1.42°Granada
87%
0.50°Trinidad e Tobago
87%
1.66°Antígua e Barbuda
80%
0.87°Santa Lúcia
80%
2.54°São Cristóvão
e Nevis
80%
1.12°São Vicente e
Granadinas
80%
0.35°Barbados
73%
Canadá
73%
3.01°São Martinho
20%
Gronelândia
13%

Distribuição das Pontuações

Percentil de Números Respondidos

Porcentagem de Pessoas com Cada Pontuação

Sua Pontuação Histórica

Você não jogou esse quiz